Television Shows Locations 1 Quiz Stats

Quiz not verified by Sporcle

Challenge
Share
Tweet
Score 0/10 Timer 03:00
0 Plays Today
% Correct
Daniel Boone
73.3%
Bonanza
66.7%
Here Come the Brides
60%
The Big Valley
53.3%
Gunsmoke
46.7%
Dr. Quinn, Medicine Woman
46.7%
Lawman
33.3%
The Rifleman
26.7%
Annie Oakley
13.3%
The Deputy
13.3%

You're not logged in!

Compare scores with friends on all Sporcle quizzes.
Sign Up with Email
OR
Log In

You Might Also Like...

Show Comments

Extras

Top Quizzes Today


Score Distribution

Your Account Isn't Verified!

In order to create a playlist on Sporcle, you need to verify the email address you used during registration. Go to your Sporcle Settings to finish the process.

Report this User

Report this user for behavior that violates our Community Guidelines.

Details: